[Event "Buenos Aires 2000+ op"]
[Site "Buenos Aires"]
[Date "2016.05.19"]
[Round "9.2"]
[White "Acosta, Jorge Alan"]
[Black "Ruperez, Miguel Angel"]
[Result "0-1"]
[WhiteElo "2027"]
[BlackElo "2215"]
[PlyCount "88"]
[EventDate "2016.05.02"]
[EventType "swiss"]
[EventRounds "9"]
[EventCountry "ARG"]
[SourceTitle "EXT 2024"]
[Source "ChessBase"]
[SourceDate "2023.10.10"]
[SourceVersion "1"]
[SourceVersionDate "2023.10.10"]
[SourceQuality "1"]

1. d4 Nf6 2. c4 e6 3. Nc3 Bb4 4. Qc2 0-0 5. a3 Bxc3+ 6. Qxc3 b6 7. f3 d5 8. e3 Bb7 9. Bd3 Nbd7 10. Ne2 c5 11. dxc5 Nxc5 12. 0-0 Nxd3 13. Qxd3 Ba6 14. Qd4 dxc4 15. Rd1 Qxd4 16. Nxd4 Rfd8 17. Bd2 Rd7 18. Nc6 Rc8 19. Ne5 Rd5 20. Bc3 Rcd8 21. Rd4 Rxd4 22. Bxd4 Rc8 23. e4 Ne8 24. Bc3 f6 25. Ng4 Rd8 26. Kf2 Nc7 27. a4 Kf7 28. Ke2 e5 29. Ne3 Ne6 30. Nd5 Bb7 31. Nb4 a5 32. Nc2 Ba6 33. Ne3 Nc5 34. Nd5 Rd6 35. Nc7 Bc8 36. Nb5 Rd8 37. Be1 Nd3 38. Bc3 Rd7 39. g3 Ba6 40. Na3 Nxb2 41. Bxb2 c3+ 42. Nb5 Bxb5+ 43. axb5 Rd2+ 44. Ke3 cxb2 0-1

[Event "Buenos Aires 2000+ op"]
[Site "Buenos Aires"]
[Date "2016.05.09"]
[Round "4.2"]
[White "Carraro, Denise"]
[Black "Acosta, Jorge Alan"]
[Result "1-0"]
[WhiteElo "2106"]
[BlackElo "2027"]
[PlyCount "87"]
[EventDate "2016.05.02"]
[EventType "swiss"]
[EventRounds "9"]
[EventCountry "ARG"]
[SourceTitle "EXT 2024"]
[Source "ChessBase"]
[SourceDate "2023.10.10"]
[SourceVersion "1"]
[SourceVersionDate "2023.10.10"]
[SourceQuality "1"]

1. e4 c5 2. Nf3 Nc6 3. d3 e5 4. g3 Nf6 5. Bg2 Be7 6. 0-0 0-0 7. c3 d5 8. exd5 Nxd5 9. Re1 Bf6 10. Nbd2 Bg4 11. h3 Bh5 12. Nc4 Nb6 13. g4 Nxc4 14. gxh5 Nd6 15. Nh2 Re8 16. Ng4 h6 17. Qf3 Bg5 18. Qd5 Nf5 19. Qxd8 Bxd8 20. Bxc6 bxc6 21. Rxe5 Rxe5 22. Nxe5 Bc7 23. Nxc6 Re8 24. Kf1 a6 25. d4 Re4 26. dxc5 Rh4 27. Nd4 Ne7 28. Kg2 Rxh5 29. b4 Nd5 30. Bd2 Bf4 31. Bxf4 Nxf4+ 32. Kg3 Nd5 33. c6 Nxc3 34. Re1 Nd5 35. Re8+ Kh7 36. Rd8 Rg5+ 37. Kf3 Nb6 38. c7 Rh5 39. Kg3 Rg5+ 40. Kh2 Re5 41. Rb8 Re7 42. Rxb6 Rxc7 43. Rxa6 Rc4 44. Nc6 1-0